000 00621nam a2200229Ia 4500
003 OSt
005 20220924124111.0
006 a|||||r|||| 00| 0
007 ta
008 220923b |||||||| |||| 00| 0 urd d
024 _a256063
037 _cTextual
040 _aARTS
_cARTS
_burd
041 _2urd
_aurd
082 _aO168,1M96:g, M3
100 _aHanfi Shamim
_9178990
245 0 _aFiraq
_b Shayar aur shakhs
260 _aNew Delhi
_b Mohnamah Kitab Numa India
_c1983
650 _aURDU POETRY
942 _hO168,1M96:g, M3
_cTEXL
_2CC
999 _c418382
_d418382